|
|
|
|
| LEADER |
00871nam a2200217 a 4500 |
| 001 |
12884585 |
| 008 |
091222s1992 njuab b 001 0 eng d |
| 010 |
|
|
|a 2002030737
|
| 020 |
|
|
|a 0138172226
|
| 040 |
|
|
|a DLC
|c DLC
|d DLC
|d BD-DhAAL
|
| 082 |
0 |
0 |
|a 301
|2 20
|
| 100 |
1 |
|
|a Macionis, John J.
|
| 245 |
1 |
0 |
|a Society :
|b the basics /
|c John J. Macionis.
|
| 260 |
|
|
|a Upper Saddle River, N.J. :
|b Prentice Hall,
|c c1992.
|
| 300 |
|
|
|a xxii, 439 p. :
|b col. ill., col. maps ;
|c 27 cm.
|
| 504 |
|
|
|a Includes bibliographical references (p. 471-492) and indexes.
|
| 541 |
1 |
|
|e 00008118
|
| 650 |
|
0 |
|a Sociology.
|
| 852 |
4 |
|
|a Ayesha Abed Library
|j General Shelf.
|
| 999 |
|
|
|c 6340
|d 6340
|
| 952 |
|
|
|0 0
|1 0
|2 ddc
|4 0
|6 301_MAC_199200000000000
|7 0
|9 6390
|a BRACUL
|b BRACUL
|c GEN
|d 2009-12-23
|g 0.00
|l 5
|m 35
|o 301 MAC
|p 3010008118
|r 2024-11-02
|s 2024-02-20
|t 1
|w 2009-12-23
|y BK
|x No price found in the accession register.
|